| 000 | 00729nam a2200265Ia 4500 | ||
|---|---|---|---|
| 005 | 20250425162119.0 | ||
| 008 | 250425s9999 xx 000 0 und d | ||
| 020 | _a8448136411 | ||
| 041 | _aspa | ||
| 043 | _asp | ||
| 082 | _a384 | ||
| 100 | _aGARCIA BRAGE, ANTONIO | ||
| 245 | 0 | _aGUIA COMPLETA DE PROTOCOLOS DE TELECOMUNICACIONES | |
| 250 | _a1 ED. | ||
| 260 |
_aEspaña _bMCGRAW-HILL INTERAMERICANA DE ESPAÑA S.A. _c2002 |
||
| 260 | _aMADRID | ||
| 300 | _a613 | ||
| 500 | _aSERIE DE TELECOMUNICACIONES | ||
| 500 | _aTítulo Traducido: TELECOM PROTOCOL FINDER | ||
| 650 | _aGUIAS | ||
| 650 | _aTELECOMUNICACIONES | ||
| 710 | _aMCGRAW-HILL INTERAMERICANA DE ESPAÑA S.A. | ||
| 942 | _c01 | ||
| 010 | _a50908 | ||
| 999 |
_c222607 _d222607 |
||